| Registos Bibliográficos associados ao registo de autoridade |
|
Etiqueta de registo: 00254nam 2200025 450 001 2288705 003 http://id.bnportugal.gov.pt/bib/catbnp/2288705 100 ## $a20260624d2023 k y0pory01030103ba 101 0# $apor$deng 102 ## $aPT 105 ## $aa m 001yy 106 ## $ar 200 1# $aEstudo para a construção de um caderno de desenho de aves$eaves do Museu Nacional de Arte Antiga$fMaria Alice Fava de Jesus Cravina Galego$gorient. Pedro António dos Santos Saraiva, Margarida Teixeira Barradas 210 #9 $aLisboa$c[s.n.],$d2023 215 ## $a165, [102] p.$cil.$d30 cm 328 #1 $aTese dout. Belas-Artes (Desenho), Faculdade de Belas-Artes da Universidade de Lisboa,
2023 700 #1 $aGalego,$bMaria Alice Fava de Jesus Cravinha$32001539 702 #1 $93$aSaraiva,$bPedro$4727$31211397 702 #1 $aCalado,$bMargarida,$f1947-$4727$327442 801 #0 $aPT$bBN$gRPC 966 ## $lBN$mFGMON$x1 971 ## $cisantos$d20260624
|
|
|